<?xml version="1.0" encoding="UTF-8"?>
<collection xmlns="http://www.loc.gov/MARC21/slim">
 <record>
  <leader>01494nam a2200193Ia 4500</leader>
  <controlfield tag="001">CTU_44007</controlfield>
  <controlfield tag="008">210402s9999    xx            000 0 und d</controlfield>
  <datafield tag="082" ind1=" " ind2=" ">
   <subfield code="a">025.4</subfield>
  </datafield>
  <datafield tag="082" ind1=" " ind2=" ">
   <subfield code="b">Th312</subfield>
  </datafield>
  <datafield tag="100" ind1=" " ind2=" ">
   <subfield code="a">Tạ, Thị Thịnh</subfield>
  </datafield>
  <datafield tag="245" ind1=" " ind2="0">
   <subfield code="a">Giáo trình phân loại tài liệu</subfield>
  </datafield>
  <datafield tag="245" ind1=" " ind2="0">
   <subfield code="c">Tạ Thị Thịnh</subfield>
  </datafield>
  <datafield tag="260" ind1=" " ind2=" ">
   <subfield code="a">Hà Nội</subfield>
  </datafield>
  <datafield tag="260" ind1=" " ind2=" ">
   <subfield code="b">Trung tâm Thông tin Tư liệu Khoa học và Công nghệ Quốc gia</subfield>
  </datafield>
  <datafield tag="260" ind1=" " ind2=" ">
   <subfield code="c">1998</subfield>
  </datafield>
  <datafield tag="520" ind1=" " ind2=" ">
   <subfield code="a">Đây là giáo trình cơ bản về Phân loại tài liệu. Tác giả đã giới thiệu sơ lược về lịch sử và cấu túc các khung phân loại cơ bản đã và đang được áp dụng trên thế giới và Việt Nam. Đồng thời tác giả cũng đưa ra những yêu cầu bắt buộc đối với nhân viên phân loại và các quy trình kĩ thuật phân loại sách cần phải được tuân thủ nghiêm ngặt. Cuối cùng tài liệu cũng cung cấp một số bài tập cơ bản nhằm củng cố phần lí thuyết. Tuy nhiên giáo trình này vẫn chưa cập nhật được những quan điểm mới nhất về phân loại tài liệu, đặc biệt là đối với khung DDC.</subfield>
  </datafield>
  <datafield tag="650" ind1=" " ind2=" ">
   <subfield code="a">Classification</subfield>
  </datafield>
  <datafield tag="904" ind1=" " ind2=" ">
   <subfield code="i">Nguyễn Quang Điền, 010911</subfield>
  </datafield>
  <datafield tag="980" ind1=" " ind2=" ">
   <subfield code="a">Trung tâm Học liệu Trường Đại học Cần Thơ</subfield>
  </datafield>
 </record>
</collection>
